000 00267nam a2200109Ia 4500
008 200302s9999 xx 000 0 und d
100 _aHiro Kshikawa
245 _aRestaurant Interior Vol 6
260 _bKawade Shobo Shinsha Publishers
260 _c2007
300 _a184
999 _c3733
_d3733